000 00391nam a22001457a 4500
999 _c4093
_d4093
008 200716b ||||| |||| 00| 0 eng d
082 0 0 _a662.7
_bA734
100 _93370
_a Armstrong, John.
245 1 0 _aCarbonisation technology and engineering
_cby John. Armstrong
260 _aLondon
_bCharles Griffin & Co
_c1929
300 _aix, 471 p.
365 _d25.07
650 0 _aCoal
942 _cBK